Library Banner

Soviet roos ki haqeeqat = سوویٹ روس کی حقیقت / (Record no. 122142)

MARC details
000 -LEADER
fixed length control field 00476nam a2200145 4500
005 - DATE AND TIME OF LATEST TRANSACTION
control field 20210429095509.0
008 - FIXED-LENGTH DATA ELEMENTS--GENERAL INFORMATION
fixed length control field 210429b ||||| |||| 00| 0 eng d
040 ## - CATALOGING SOURCE
Transcribing agency PK-LaUMT
082 ## - DEWEY DECIMAL CLASSIFICATION NUMBER
Classification number RHC 320.974
Item number DEL-S
100 ## - MAIN ENTRY--PERSONAL NAME
Personal name Delen, David J. = ڈیلن، ڈیوڈ جے
245 ## - TITLE STATEMENT
Title Soviet roos ki haqeeqat = سوویٹ روس کی حقیقت /
Statement of responsibility, etc by David J. Delan = ڈیوڈ جے ڈیلن
260 ## - PUBLICATION, DISTRIBUTION, ETC. (IMPRINT)
Place of publication, distribution, etc Dehli :
Name of publisher, distributor, etc Union Printing Press,
Date of publication, distribution, etc NA
300 ## - PHYSICAL DESCRIPTION
Extent 136 p.
942 ## - ADDED ENTRY ELEMENTS (KOHA)
Koha item type Books
Holdings
Withdrawn status Lost status Damaged status Home library Current library Date acquired Full call number Barcode Date last seen Copy number Price effective from Koha item type
      UMT Main Campus UMT Main Campus 2021-04-29 RHC 320.974 DEL-S 137208 2021-04-29 Part-2 2021-04-29 Books